Indivisión y partición

Shranjeno v:
Bibliografske podrobnosti
Glavni avtor: Somarriva Undurraga, Manuel (autor)
Format: Neznan
Jezik:angleščina
Izdano: Santiago, Chile. Ediciones Jurídicas de Santiago , 2020
Izdaja:Sexta edición actualizada
Teme:
Oznake: Označite
Brez oznak, prvi označite!

MARC

LEADER 00000 a2200000 4500
003 CL-VaPUC
005 20240425104859.0
008 200626b ||||| |||| 00| 0 eng d
999 |c 431735  |d 431733 
020 |a 9789566053194 
040 |c Pontificia Universidad Católica de Valparaíso 
082 |a 346.05 SOM 2020 
100 |a Somarriva Undurraga, Manuel  |e autor  |9 856540 
245 |a Indivisión y partición  
250 |a Sexta edición actualizada 
260 |a Santiago, Chile.  |b Ediciones Jurídicas de Santiago ,  |c 2020 
300 |a 628 páginas  
583 |k Cristina Rojas  |c 20200626 
650 0 |a Derecho sucesorio  |9 255015 
650 0 |a Indivisión   |9 385173 
650 0 |a Partición   |9 425229 
852 |a BIBDER 
942 |2 ddc  |c BK 
952 |0 0  |1 0  |2 ddc  |4 0  |6 346_050000000000000_SOM_2020  |7 0  |8 A  |9 576592  |a BIBDER  |b BIBDER  |d 2020-06-10  |e 22  |g 83300.00  |i 5576520  |l 4  |m 1  |o 346.05 SOM 2020  |p 5576520  |r 2024-07-17  |s 2024-07-15  |t 1  |v 83300.00  |w 2020-06-10  |y BK  |k DER 
952 |0 0  |1 0  |2 ddc  |4 0  |6 346_050000000000000_SOM_2020  |7 0  |8 A  |9 579072  |a BIBDER  |b BIBDER  |d 2021-10-28  |e 22  |g 84200.00  |i 5589797  |o 346.05 SOM 2020  |p 5589797  |r 2023-01-25  |t 2  |v 84200.00  |w 2021-10-28  |y BK  |k DER